000 00249nam a22001217a 4500
082 _a823
_bUNK/S
100 _aUNKNOWN
245 _aTHE STORY OF GINGERBREAD MAN
260 _bOP PUBLICATIONS
300 _a12
650 _aENGLISH STORY
942 _cBK
999 _c7504
_d7504